Movies Quiz

Random Movies or Clickable Quiz

Film Fan Theories II Quiz Stats

 Plays Quiz Updated May 7, 2018

Score 0/20 Timer 08:00
5 Plays Today
% Correct
The Lion King
96.5%
Star Wars Episode III: Revenge of the Sith
96.4%
Toy Story
96.4%
Twilight
95.4%
Jurassic World
94.7%
Frozen
94.7%
Alien
93%
Grease
92.8%
Field of Dreams
90.1%
Avatar
87.4%
% Correct
Kill Bill: Vol. 1
86.5%
Finding Nemo
85.3%
The Blair Witch Project
82.2%
The Matrix
80.4%
Blade Runner
77.2%
No Country for Old Men
76.9%
Inception
76.2%
Ghostbusters
73.3%
Labyrinth
62.3%
My Neighbor Totoro
58.8%

You're not logged in!

Compare scores with friends on all Sporcle quizzes.
OR
Log In

Sporcle TV

Today on Sporcle TV


Watch our educational content, quiz creation guides, and fun videos on Sporcle TV.

Show Comments

Extras

Top Quizzes Today


Score Distribution

Your Account Isn't Verified!

In order to create a playlist on Sporcle, you need to verify the email address you used during registration. Go to your Sporcle Settings to finish the process.

Report this User

Report this user for behavior that violates our Community Guidelines.

Details: